000 00583nam a22001937a 4500
003 OSt
005 20260521121035.0
008 260521b |||||||| |||| 00| 0 eng d
020 _a978-0-140-44970-9
040 _cChuka University.
100 _aAkutagawa Ryunosuke.
_926247
245 _aRashmon And Seventeen Other Stories.
260 _aNew York
_bPenguin Group
_c2006
300 _a268P
650 _aShort Stories, Japanese.
_926248
650 _aJapan---Social life and cutoms
_926249
650 _aJapanese Ficytion---Translation into English.
_926250
942 _2lcc
_cBK
_n0
999 _c22808
_d22808